Textbook of quantitative inorganic analysis /
Guardado en:
| Autor Principal: | |
|---|---|
| Otros Autores: | |
| Formato: | Libro |
| Idioma: | English |
| Publicado: |
New York :
MacMillan,
1948.
|
| Etiquetas: |
Agregar Etiqueta
Sin Etiquetas, Sea el primero en etiquetar este registro!
|
| LEADER | 00495nam a22001575a 4500 | ||
|---|---|---|---|
| 001 | EUN.um032255 | ||
| 003 | AR-BaUNS | ||
| 005 | 20050623122906.0 | ||
| 008 | 041125s1948####xxua##########000#0#eng#d | ||
| 245 | 1 | 0 | |a Textbook of quantitative inorganic analysis / |c I.M. Kolthoff, E. B. Sandell. |
| 260 | |a New York : |b MacMillan, |c 1948. | ||
| 300 | |a 765 p. : |b ilus. ; |c 20,5 cm. | ||
| 100 | 1 | |a Kolthoff, I.M. | |
| 700 | 1 | |a Sandell, E. B. | |
| 082 | 0 | 4 | |a 545.02 |
| 859 | |a Ar-BaUNS |b BIB. CENTRAL - Sector C |h 545.02 |i K83t |p 228/949 | ||
